000 01230cam a22002774a 4500
999 _c127605
_d127605
001 12564293
003 ARRUPE
005 20180314091446.0
008 011015s2002 enk b 000 0 eng
010 _a 2001055168
020 _a0195153006 (alk. paper)
020 _a0195153014 (pbk. : alk. paper)
040 _aDLC
_cDLC
_dDLC
042 _apcc
050 0 0 _aB765.T54
_bT37 2002
082 0 0 _a189/.4
_221
245 0 0 _aThomas Aquinas :
_bcontemporary philosophical perspectives /
_cedited by Brian Davies.
260 _aOxford ;
_bOxford University Press,
_c2002.
300 _axiv, 400 p. ;
_c25 cm.
504 _aIncludes bibliographical references (p. 389-400).
600 0 0 _aThomas,
_cAquinas, Saint,
_d1225?-1274.
_940518
700 1 _aDavies, Brian,
_d1951-
_99292
_eed.
856 4 2 _3Publisher description
_uhttp://www.loc.gov/catdir/enhancements/fy0611/2001055168-d.html
906 _a7
_bcbc
_corignew
_d1
_eocip
_f20
_gy-gencatlg
942 _2lcc
_cMONOGRAPH